header

Evaluation and management of common upper extremity disorders : (Record no. 144354)

MARC details
000 -LEADER
fixed length control field 02425nam a2200385 i 4500
001 - CONTROL NUMBER
control field ebr10801894
003 - CONTROL NUMBER IDENTIFIER
control field CaPaEBR
006 - FIXED-LENGTH DATA ELEMENTS--ADDITIONAL MATERIAL CHARACTERISTICS--GENERAL INFORMATION
fixed length control field m o d
007 - PHYSICAL DESCRIPTION FIXED FIELD--GENERAL INFORMATION
fixed length control field cr cn|||||||||
008 - FIXED-LENGTH DATA ELEMENTS--GENERAL INFORMATION
fixed length control field 110404t20112011njua obf 000 0 eng|d
020 ## - INTERNATIONAL STANDARD BOOK NUMBER
Cancelled/invalid ISBN 9781556429491 (pbk.)
International Standard Book Number 9781617117480 (e-book)
040 ## - CATALOGING SOURCE
Original cataloging agency CaPaEBR
Language of cataloging eng
Description conventions rda
-- pn
Transcribing agency CaPaEBR
050 14 - LIBRARY OF CONGRESS CALL NUMBER
Classification number RC951
Item number .E88 2011eb
082 04 - DEWEY DECIMAL CLASSIFICATION NUMBER
Classification number 617.5/74
Edition number 22
245 00 - TITLE STATEMENT
Title Evaluation and management of common upper extremity disorders :
Remainder of title a practical handbook /
Statement of responsibility, etc edited by Rachel S. Rohde, Peter J. Millett.
264 #1 - PRODUCTION, PUBLICATION, DISTRIBUTION, MANUFACTURE, AND COPYRIGHT NOTICE
Place of production, publication, distribution, manufacture Thorofare, New Jersey :
Name of producer, publisher, distributor, manufacturer Slack Inc.,
Date of production, publication, distribution, manufacture, or copyright notice [2011]
Date of production, publication, distribution, manufacture, or copyright notice �2011
300 ## - PHYSICAL DESCRIPTION
Extent 1 online resource (293 pages) :
Other physical details illustrations
336 ## - CONTENT TYPE
Content type term text
Source rdacontent
337 ## - MEDIA TYPE
Media type term computer
Source rdamedia
338 ## - CARRIER TYPE
Carrier type term online resource
Source rdacarrier
504 ## - BIBLIOGRAPHY, ETC. NOTE
Bibliography, etc Includes bibliographical references.
520 ## - SUMMARY, ETC.
Summary, etc "Evaluation and Management of Common Upper Extremity Disorders: A Practical Handbook answers the need for a comprehensive, yet concise reference that addresses practical solutions to everyday conditions that general orthopedic surgeons, and specialists alike, as well those involved with general musculoskeletal surgical and nonsurgical care, may encounter. This book provides information on how to diagnose, treat, and manage the most commonly encountered conditions of the upper extremity. Written in a bullet format, and including photos for quick, easy reference, the book contains valuable information for all levels of training and experience"--Provided by publisher.
588 ## - SOURCE OF DESCRIPTION NOTE
Source of description note Description based on print version record.
590 ## - LOCAL NOTE (RLIN)
Local note Electronic reproduction. Palo Alto, Calif. : ebrary, 2013. Available via World Wide Web. Access may be limited to ebrary affiliated libraries.
650 #0 - SUBJECT ADDED ENTRY--TOPICAL TERM
Topical term or geographic name as entry element Arm
General subdivision Diseases
-- Treatment
Form subdivision Handbooks, manuals, etc.
Topical term or geographic name as entry element Arm
General subdivision Wounds and injuries
-- Treatment
Form subdivision Handbooks, manuals, etc.
655 #0 - INDEX TERM--GENRE/FORM
Genre/form data or focus term Electronic books.
700 1# - ADDED ENTRY--PERSONAL NAME
Personal name Rohde, Rachel S.,
Dates associated with a name 1973-
Personal name Millett, Peter J.
Fuller form of name (Peter James),
Dates associated with a name 1967-
776 08 - ADDITIONAL PHYSICAL FORM ENTRY
Display text Print version:
Title Evaluation and management of common upper extremity disorders : a practical handbook.
Place, publisher, and date of publication Thorofare, New Jersey : Slack Inc., [2011]
Physical description xii, 278 pages ; 18 cm
International Standard Book Number 9781556429491
Record control number (DLC)10801894
797 2# - LOCAL ADDED ENTRY--CORPORATE NAME (RLIN)
Corporate name or jurisdiction name as entry element ebrary.
856 40 - ELECTRONIC LOCATION AND ACCESS
Uniform Resource Identifier <a href="http://site.ebrary.com/lib/rucke/Doc?id=10801894">http://site.ebrary.com/lib/rucke/Doc?id=10801894</a>
Public note An electronic book accessible through the World Wide Web; click to view

No items available.

© 2026 Rongo University
Contact us: librarian | system librarian | Rongo university